Archivo municipal de Salvatierra. Tomo I / Ma Jesús Martínez de Ilarduya Sáez de Asteasu, Ma José Resano Carlos de Vergara, Ma Dolores Vallejos Barroso ; bajo la dirección de María Camino Urdiain Martínez, Félix López López de Ullibarri

por Martínez de Ilarduya Sáez de Asteasu, Ma Jesús

Descripción Física: 223p. : il. ; 24 cm

MARC

LEADER 00000nam a2200000Ia 4500
001 2335
008 160829s1986 xx 000 0 cat d
080 |a A-1-281 
100 |a Martínez de Ilarduya Sáez de Asteasu, Ma Jesús  |9 30678 
245 |a Archivo municipal de Salvatierra. Tomo I / Ma Jesús Martínez de Ilarduya Sáez de Asteasu, Ma José Resano Carlos de Vergara, Ma Dolores Vallejos Barroso ; bajo la dirección de María Camino Urdiain Martínez, Félix López López de Ullibarri 
260 |a Álava :  |b Diputación Foral de Álava. Servicio de Publicaciones,  |c 1986 
300 |a 223p. :  |b  il. ;  |c 24 cm 
490 |a Serie 3: Archivos municipales 
590 |a A la part superior de la portada, Diputación Foral de Álava. Archivo Provincial 
650 |a Archivo Municipal de Salvatierra  |x Inventaris  |9 30679 
700 |a Resano Carlos de Vergara, Ma José   |9 30680 
700 |a Vallejos Barroso, Ma Dolores   |9 30681 
700 |a Urdiain Martínez, María Camino, dir. I  |9 30682 
700 1 |a López López de Ullibarri, Félix  |9 30683 
710 1 |a Àlaba (País Basc).  |b Diputación Foral  |9 54505 
901 |a Arxiu 
942 |n 1 
952 |0 0  |1 0  |4 0  |6 A1281  |7 1  |9 45483  |a Arxiu  |b Arxiu  |d 2016-12-01  |l 0  |o A-1-281  |p 2335  |r 2016-12-01 00:00:00  |w 2016-12-01  |y ARXIU 
999 |c 48648  |d 48648